000 00834nam a2200205 a 4500
001 000041835
005 20201002035801.0
008 131018s1992 sp a 000 0 spa d
020 _a8400072804
040 _aDO-SdBNP
_bspa
_cBNPHU
082 _axxx
_bC172
100 1 _aCamacho, Ana Isabel
_968713
245 1 0 _aThe Natural History of Biospeleology /
_cAna Isabel Camacho ; foreword Pere Alberch.
260 _aMadrid :
_bMuseo Nacional de Ciencias Naturales, Consejo Superior de Investigaciones Científicas,
_c1992.
300 _axxi, 680 p. :
_bil. ;
_c24 cm.
490 1 _aMonografías del museo nacional de ciencias naturales
_v7
500 _aIncludes bibliographical references and footnotes on pages.
700 1 2 _aPere, Alberch
_eforeword
_968714
830 0 _aMonografías del museo nacional de ciencias naturales
_n7
_968715
999 _c41324
_d41324